Logo biblioteca
Santa Fe 2917, Rosario, Santa Fe
Lu-Vi 8 a 19.45
+54-341-4232362
bibliotecaeudoro@gmail.com
Facebook Biblioteca Pedagógica
Sitio web

Mentes epocales: nueva problemáticas de la infancia. (Registro nro. 32497)

Detalles MARC
000 -CABECERA
campo fijo de control de longitud 01304nab a2200265 4500
003 - IDENTIFICADOR DEL NÚMERO DE CONTROL
campo de control AR-RoBPED
005 - FECHA Y HORADE LA ULTIMA TRANSACCION
campo de control 20260401122726.0
008 - ELEMENTOS DE LONGITUD FIJA--INFORMACION GENERAL
campo fijo de control de longitud 260401b |||||||| |||| 00| 0 spa d
040 ## - FUENTE CATALOGADORA
Centro catalogador/agencia de origen AR-RoBPED
041 ## - IDIOMA
Código de idioma para texto/pista de sonido o título independiente spa
100 1# - ENCABEZAMIENTO PRINCIPAL--AUTOR PERSONAL
Nombre de persona Pereira, Ana
9 (RLIN) 30686
Función Licenciada en Psicología. Profesora de Nivel Medio y Superior en Psicología
245 1# - TITULO
Título Mentes epocales: nueva problemáticas de la infancia.
Subtítulo Una lectura vygotskiana /
260 ## - PUBLICACION
Lugar Buenos Aires :
Editor Noveduc,
Fecha 2025
300 ## - DESCRIPCION FISICA
Extensión 22-26 p.
500 ## - NOTA GENERAL
Nota general Se adjudica a la teoría vygotskiana el mérito de "atribuir importancia a lo social". Sin embargo, ninguna corriente en psicología desconoce la importancia de los aspectos sociales propios de la naturaleza humana. Lo específico de la teoría sociohistórica (TSH) no es tanto la importancia otorgada a lo social, sino la forma de conceptualizar "lo social" y la relación entre contexto y sujeto.
650 #7 - TERMINO DE MATERIA--CONTROLADO
Término controlado TEORIA
9 (RLIN) 2966
Término controlado NIÑOS
9 (RLIN) 62
Término controlado ESCUELA
9 (RLIN) 20136
Término controlado DESARROLLO
9 (RLIN) 8912
Término controlado MEDIACION
9 (RLIN) 811
Término controlado APRENDIZAJE
9 (RLIN) 560
773 0# - DOCUMENTO FUENTE
Host Biblionumber 20414
Host Itemnumber 41867
Place, publisher, and date of publication Buenos Aires : Noveduc, 1993-
Título Novedades Educativas
Record control number (AR-RoBPED)20414
International Standard Serial Number 03283534
942 ## - ELEMENTOS KOHA
Fuente de clasificación Universal Decimal Classification
Koha tipo de ítem Revistas
Clasificación 37(05)
Signatura librística Nov 86 N° 400 (Feb.2025)
Número Koha k.32497
945 ## - PROCESAMIENTO DE LA INFORMACIÓN LOCAL
Catalogador y fecha mar 03/2026

No hay ítems disponibles.